[Event "Berlin qualification op"]
[Site "Berlin"]
[Date "2009.04.13"]
[Round "3"]
[White "Neldner, Jan"]
[Black "Uckar, Klaudijo"]
[Result "1/2-1/2"]
[WhiteElo "2096"]
[BlackElo "1874"]
[PlyCount "141"]
[EventDate "2009.04.11"]
[EventType "swiss"]
[EventRounds "9"]
[EventCountry "GER"]
[SourceTitle "EXT 2012"]
[Source "ChessBase"]
[SourceDate "2011.11.24"]
[SourceVersion "1"]
[SourceVersionDate "2011.11.24"]
[SourceQuality "1"]

1. e4 e5 2. Nf3 Nc6 3. Bb5 a6 4. Ba4 Nf6 5. 0-0 d6 6. Re1 b5 7. Bb3 Be7 8. c3 Na5 9. Bc2 c5 10. d4 Qc7 11. d5 Bg4 12. Nbd2 0-0 13. Nf1 c4 14. Ng3 Nb7 15. h3 Bd7 16. Nh2 a5 17. f4 Ne8 18. Nf3 Nc5 19. f5 b4 20. Bg5 Bxg5 21. Nxg5 h6 22. Nf3 Qb6 23. Kh2 Nf6 24. Nd2 Bb5 25. Nh5 Ncd7 26. Nxf6+ Nxf6 27. Qe2 Rfc8 28. Rg1 b3 29. axb3 cxb3 30. Bd3 Bxd3 31. Qxd3 a4 32. Ra3 Nd7 33. Qf3 Qb5 34. Rga1 Nc5 35. f6 g6 36. c4 Qb7 37. Nf1 Qb4 38. Ng3 Qd2 39. Rb1 Nd7 40. Rd1 Qg5 41. Rda1 Nb6 42. Qf2 Rc5 43. Nf1 Rac8 44. Nd2 Nxc4 45. Nxc4 Rxc4 46. Rxa4 Rc2 47. Qf3 Rxb2 48. Ra8 Rbc2 49. Rxc8+ Rxc8 50. Rb1 Rb8 51. Rxb3 Rxb3 52. Qxb3 Qf4+ 53. Kg1 Qxf6 54. Qb4 Kg7 55. Qc4 Qe7 56. Qd3 Qa7+ 57. Kh2 Qf2 58. Qc4 h5 59. Qb4 Qf6 60. Kg1 g5 61. Qe1 Qf4 62. Qe2 h4 63. Qh5 Qf6 64. Qe2 Kg6 65. Qa6 Qd8 66. Qf1 Qf6 67. Qa6 Kh6 68. Qc8 Kg7 69. Qd7 Qg6 70. Qg4 Qf6 71. Qd7 1/2-1/2

[Event "Berlin qualification op"]
[Site "Berlin"]
[Date "2009.04.11"]
[Round "1"]
[White "Neldner, Jan"]
[Black "Moeller, Dirk Halvard"]
[Result "1-0"]
[WhiteElo "2096"]
[BlackElo "1606"]
[PlyCount "53"]
[EventDate "2009.04.11"]
[EventType "swiss"]
[EventRounds "9"]
[EventCountry "GER"]
[SourceTitle "EXT 2012"]
[Source "ChessBase"]
[SourceDate "2011.11.24"]
[SourceVersion "1"]
[SourceVersionDate "2011.11.24"]
[SourceQuality "1"]

1. e4 c5 2. Nf3 e6 3. c3 Nc6 4. d4 cxd4 5. cxd4 Nf6 6. Bd3 d5 7. e5 Nd7 8. 0-0 a6 9. Nc3 Be7 10. a3 0-0 11. Bc2 f5 12. exf6 Nxf6 13. Re1 Qd6 14. Qd3 g6 15. Ne5 Nh5 16. Nxg6 hxg6 17. Qxg6+ Ng7 18. Qh7+ Kf7 19. Bg6+ Kf6 20. h4 e5 21. dxe5+ Nxe5 22. Bg5+ Ke6 23. Qxg7 Bxg5 24. hxg5 Bd7 25. Re2 d4 26. Rae1 Rf5 27. Bxf5+ 1-0